The prospects for the generation of electricity from wind energy in the United Kingdom: a report prepared for the Department of Energy (Record no. 92388)

MARC details
000 -LEADER
fixed length control field 00569cam a2200205 4500
001 - CONTROL NUMBER
control field D880
008 - FIXED-LENGTH DATA ELEMENTS--GENERAL INFORMATION
fixed length control field 090401t1977 xxu||||| |||| 00| 0 eng d
035 ## - SYSTEM CONTROL NUMBER
System control number (Sirsi) u48691
041 ## - LANGUAGE CODE
Language code of text/sound track or separate title eng
050 ## - LIBRARY OF CONGRESS CALL NUMBER
Classification number 621.45
100 ## - MAIN ENTRY--PERSONAL NAME
Personal name Allen, J.
245 #4 - TITLE STATEMENT
Title The prospects for the generation of electricity from wind energy in the United Kingdom: a report prepared for the Department of Energy
260 ## - PUBLICATION, DISTRIBUTION, ETC.
Place of publication, distribution, etc. London
Name of publisher, distributor, etc. HMSO
Date of publication, distribution, etc. 1977
300 ## - PHYSICAL DESCRIPTION
Extent viii. 67p. 25cm
350 ## - PRICE (NR) (BK AM CF MU VM SE) [OBSOLETE]
Price 2.25
490 ## - SERIES STATEMENT
Series statement Energy Paper
Volume/sequential designation 21
700 ## - ADDED ENTRY--PERSONAL NAME
Personal name Bird, R.A.
942 ## - ADDED ENTRY ELEMENTS (KOHA)
Suppress in OPAC 0
948 ## - LOCAL PROCESSING INFORMATION (OCLC); SERIES PART DESIGNATOR (RLIN)
c (OCLC) 04/03/1997
Holdings
Withdrawn status Lost status Source of classification or shelving scheme Damaged status Not for loan Home library Current library Shelving location Date acquired Cost, normal purchase price Total Checkouts Full call number Barcode Date last seen Copy number Cost, replacement price Price effective from Koha item type
    Dewey Decimal Classification     London London Books 14/09/1999 2.25   621.45 30017669 06/08/2019 1 2.25 06/08/2019 Book